=LDR 00000nam 2200000 4500 =001 INLIS000000000036359 =005 20130612142142 =008 ***********************************Ind** =035 ##$$0010-061300000036359 =041 ##$$a Ind =082 ##$$a 745.5 =090 ##$$a 745.5, Erw t =100 ##$$a Erwin, Lilly T =245 ##$$a Terampil membuat kerajinan aksesori dari sisik ikan, Lilly T Erwin ; editor, Intanna Hardiman =260 ##$$a 2010 $b Jakarta6bGramedia Pustaka Utama =300 ##$$a 44 hlm, ilus, 25 cm =650 ##$$a Kerajinan Tangan =850 ##$$a NBPNMAT